000 01062nam0a22002651 4500
001 rc\3995735
005 20260407194012.0
021 _aRU
_b[48-5678]
035 _a(NLR Aleph) 008070302
090 _a9058577
_c9058577
100 _a20130415d1948 |||y0rusy50 ca
101 0 _arus
102 _aRU
105 _ay z |||||
200 1 _aКонституция Всемирной федерации демократической молодежи
210 _a[Москва]
_cМол. гвардия
_d1948
_gТип. "Кр. знамя"
215 _a16 с.
_d20
606 _aМеждународные организации молодежи
_2psbo
606 _aМеждународное движение демократической молодежи
_2psbo
710 0 2 _aВсемирная федерация демократической молодежи
_bАссамблея
_d9
_eВарна
_f1974
_9753247
_3RU\NLR\AUTH\8810128069
801 0 _aRU
_bNLR
_gpsbo
801 1 _aRU
_bELAR
_2rusmarc
852 _aNLR
_jИ24 Г-4/211
942 _cBOOK
980 _aNB